Statistics for Actresses by Last Name #2

Click here to take the quiz!

General Stats

  • This quiz has been taken 41,825 times
    (23,754 since last reset)
  • The average score is 19 of 28

Answer Stats

FirstLast% Correct
AnneHathaway
97%
ReeseWitherspoon
94%
ScarlettJohansson
93%
UmaThurman
92%
KeiraKnightley
91%
SalmaHayek
89%
MichellePfeiffer
88%
HalleBerry
87%
LucyLiu
84%
JodieFoster
79%
AmandaSeyfried
75%
GlennClose
73%
GoldieHawn
70%
ClaireDanes
65%
SophiaLoren
63%
KristenWiig
63%
BrigitteBardot
62%
RitaHayworth
62%
MillaJovovich
58%
TildaSwinton
57%
MarisaTomei
56%
MarionCotillard
49%
JoanCrawford
47%
SandraOh
45%
JaneWyman
38%
RoseByrne
34%
AllySheedy
34%
NoomiRapace
22%

Score Distribution

Percentile by Number Answered

Percent of People with Each Score

Your Score History

You have not taken this quiz since the last reset